[Event "36th Zalakaros Open 2017"]
[Site "Zalakaros HUN"]
[Date "2017.05.26"]
[Round "9.21"]
[White "Hnydiuk,A"]
[Black "Jarmula,L"]
[Result "1-0"]
[WhiteElo "2390"]
[BlackElo "2469"]

1.Nf3 c5 2.c4 Nc6 3.d4 cxd4 4.Nxd4 g6 5.e4 Bg7 6.Be3 Qb6 7.Nb5 Qa5+ 8.Bd2 Qd8
9.N1c3 Nf6 10.Nd5 O-O 11.Nxf6+ Bxf6 12.Bc3 Bxc3+ 13.Nxc3 e5 14.Qd2 d6 15.O-O-O
Be6 16.Kb1 Nd4 17.Ne2 Nc6 18.Nc3 a6 19.Qxd6 Qb6 20.Qd2 Rfd8 21.Nd5 Bxd5
22.cxd5 Nd4 23.Bd3 a5 24.Rc1 a4 25.Rc4 Qa7 26.Qb4 b5 27.Rc3 Qd7 28.f3 Rf8
29.Rhc1 Qd8 30.f4 Qf6 31.fxe5 Qxe5 32.Rc7 Rfe8 33.d6 Ne6 34.Rb7 Rec8 35.Rxc8+
Rxc8 36.d7 Ra8 37.Rxb5 Qxh2 38.a3 Rd8 39.Bc4 Nf8 40.Rb7 Qe5 41.Bb5 Ne6 42.Bxa4
Nd4 43.Bc2 Nxc2 44.Kxc2 h5 45.Kb1 Qe6 46.a4 Kh7 47.a5 h4 48.e5 g5 49.Qe4+ Kg7
50.Rb6 Qxd7 51.Rd6 Qe7 52.Qd4 Ra8 53.e6+ Kh7 54.Qe4+ Kh6 55.Rb6 {#r} 1-0

[Event "26th Guillermo Garcia Elite"]
[Site "Santa Clara CUB"]
[Date "2017.05.24"]
[Round "8.2"]
[White "Miranda Mesa,E"]
[Black "Martinez Duany,L"]
[Result "1-0"]
[WhiteElo "2449"]
[BlackElo "2513"]

1.e4 c5 2.Nf3 Nc6 3.d4 cxd4 4.Nxd4 g6 5.c4 Bg7 6.Be3 Nf6 7.Nc3 O-O 8.Be2 d6
9.O-O Bd7 10.Qd2 Nxd4 11.Bxd4 Bc6 12.f3 a5 13.b3 Nd7 14.Bf2 Nc5 15.Rab1 Qc7
16.Rfd1 Rfc8 17.Bf1 h5 18.a3 Qd8 19.Ne2 Kh7 20.b4 axb4 21.axb4 Ne6 22.Nd4 Nxd4
23.Bxd4 Qh8 24.Bxg7 Qxg7 25.Qg5 Ba4 26.Rd2 Rc7 27.Ra2 Qd4+ 28.Kh1 b5 29.Rd2
Qg7 30.cxb5 Bc2 31.b6 Rc3 32.Re1 Rb8 33.Qxe7 Rxb6 34.Rxd6 Rxb4 35.Rd7 Rb1
36.Rxb1 Bxb1 37.Qxf7 Qxf7 38.Rxf7+ Kh6 39.Kg1 Rc1 40.Rd7 Ba2 41.Kf2 Rc2+
42.Ke3 Rc1 43.Be2 Rh1 44.h3 Rb1 45.h4 Rb3+ 46.Rd3 Rb6 47.Rd2 Be6 48.Kf4 Bc8
49.Bc4 Rb4 50.Bd5 Rb1 51.Rc2 Ba6 52.Rc6 Bf1 53.Bf7 Kg7 54.Bxg6 Bxg2 55.Bxh5
Kh7 56.Bg4 {#r} 1-0

[Event "Bodensee Open 2017"]
[Site "Bregenz AUT"]
[Date "2017.05.23"]
[Round "4.10"]
[White "Nickel,R"]
[Black "Schaefer,Mi1"]
[Result "0-1"]
[WhiteElo "2140"]
[BlackElo "2222"]

1.e4 c5 2.Nf3 Nc6 3.d4 cxd4 4.Nxd4 g6 5.c4 Bg7 6.Be3 Nf6 7.Nc3 d6 8.Be2 O-O
9.f3 Nxd4 10.Bxd4 Bd7 11.Qd2 Bc6 12.g4 e6 13.O-O-O Qa5 14.Kb1 Rfd8 15.h4 h5
16.Qg5 e5 17.Bf2 a6 18.Nd5 Bxd5 19.Rxd5 Qc7 20.gxh5 Nxh5 21.Be3 Bf6 22.Qg1 Qe7
23.Bb6 Rdc8 24.Bd1 Kg7 25.Rd2 Rxc4 26.Bb3 Rc6 27.Bd5 Rcc8 28.Qg4 Rh8 29.Rc2
Raf8 30.Rc7 Qe8 31.Rxb7 Nf4 32.h5 Rxh5 33.Rxh5 Nxh5 34.Bc7 Be7 35.b3 Nf6
36.Qg1 Nxd5 37.exd5 Qc8 38.Qb6 Qf5+ 39.Kb2 Qf6 40.Ka3 Rh8 41.Rb8 Rh4 42.Qxa6
Qf4 43.Qc6 Qd2 44.b4 Rh2 45.Ka4 Qxa2+ 46.Kb5 Rc2 47.Qe8 Qc4+ {#R} 0-1

[Event "TCh-FRA Top 12 2017"]
[Site "Chartres FRA"]
[Date "2017.05.24"]
[Round "7.1"]
[White "Vitoux,C"]
[Black "Kveinys,A"]
[Result "0-1"]
[WhiteElo "2382"]
[BlackElo "2520"]

1.e4 c5 2.Nf3 e6 3.c4 Nc6 4.Be2 g5 5.O-O Bg7 6.Nc3 d6 7.d3 h6 8.Be3 Nge7 9.h3
Nd4 10.Bxd4 cxd4 11.Nb5 Nc6 12.Qa4 e5 13.Nh2 h5 14.Qd1 a6 15.Na3 g4 16.hxg4
hxg4 17.g3 Qg5 18.Nxg4 f5 19.exf5 Bxf5 20.Kg2 O-O-O 21.f3 Rh7 22.Rh1 Rxh1
23.Qxh1 Rh8 24.Qe1 e4 25.f4 Qh5 26.Qh1 Bxg4 27.Qxh5 Bxh5 28.g4 exd3 29.Bf3 Bf7
30.Rd1 Nb4 31.Be4 Be8 32.Bxd3 Bc6+ 33.Kg3 Nxd3 34.Rxd3 Rh1 {#R} 0-1

[Event "TCh-FRA Top 12 2017"]
[Site "Chartres FRA"]
[Date "2017.05.28"]
[Round "11.5"]
[White "Sanikidze,T"]
[Black "Palac,M"]
[Result "0-1"]
[WhiteElo "2518"]
[BlackElo "2573"]

1.e4 c5 2.Nf3 e6 3.g3 Nc6 4.Bg2 Nf6 5.d3 d5 6.Nbd2 g6 7.O-O Bg7 8.exd5 Nxd5
9.Ne4 b6 10.c4 Nc7 11.Qa4 Bd7 12.Nd6+ Ke7 13.Ng5 Nd4 14.Qd1 Rf8 15.Bf4 e5
16.Nb7 Qc8 17.Be3 Nf5 18.b4 h6 19.Ne4 Qxb7 20.Nxc5 Qc8 21.Bxa8 Nxe3 22.fxe3
bxc5 23.Bg2 cxb4 24.d4 exd4 25.exd4 Ne6 26.Re1 Qxc4 27.d5 Bxa1 28.Qxa1 Qc3
29.Qd1 Kf6 30.dxe6 Bxe6 31.Qe2 Rd8 32.Kh1 Kg7 33.Qf2 Rd2 34.Qxa7 Rxg2 35.Rxe6
Qb2 {#R} 0-1

[Event "36th Zalakaros Open 2017"]
[Site "Zalakaros HUN"]
[Date "2017.05.24"]
[Round "7.29"]
[White "Gara,A"]
[Black "Nagy,Ga1"]
[Result "0-1"]
[WhiteElo "2373"]
[BlackElo "2446"]

1.e4 c5 2.Nf3 e6 3.b3 a6 4.Bb2 Nc6 5.c4 Qc7 6.g3 Nf6 7.Nc3 Rb8 8.Rc1 Be7 9.Bg2
O-O 10.d4 cxd4 11.Nxd4 d6 12.O-O Nxd4 13.Qxd4 b6 14.Rfd1 Bb7 15.Na4 Bc6 16.e5
Bxg2 17.Kxg2 dxe5 18.Qxe5 Qc6+ 19.Kg1 Qf3 20.Rd7 Ba3 21.Rd4 Bxb2 22.Nxb2 Rbd8
23.Rxd8 Rxd8 24.Qc7 Re8 25.Qxb6 Qe2 26.Na4 Qxa2 27.c5 Qd2 28.Rf1 e5 29.Qd6 Qc2
30.Qd1 Qf5 31.f3 h5 32.Nb6 e4 33.Qc2 Qe5 34.fxe4 Nxe4 35.Re1 h4 36.Nc4 Qxc5+
37.Ne3 Qb4 38.Rd1 hxg3 39.hxg3 Nxg3 40.Qc4 Qb6 41.Rd4 Qxd4 {#R} 0-1

[Event "36th Zalakaros Open 2017"]
[Site "Zalakaros HUN"]
[Date "2017.05.24"]
[Round "7.30"]
[White "Plenca,Jadranko"]
[Black "Rahul,Srivatshav P"]
[Result "1-0"]
[WhiteElo "2446"]
[BlackElo "2303"]

1.e4 c5 2.Nf3 e6 3.c3 Nf6 4.e5 Nd5 5.Bc4 d6 6.d4 cxd4 7.cxd4 Be7 8.O-O O-O
9.a3 Bd7 10.Bd3 dxe5 11.dxe5 Re8 12.Qc2 g6 13.Bh6 Bc6 14.Nbd2 Nd7 15.b4 Rc8
16.Qb3 a5 17.b5 Nc5 18.Qc2 Bd7 19.Be2 Na4 20.Qxa4 Nc3 21.Qb3 Nxe2+ 22.Kh1 a4
23.Qxa4 Nc3 24.Qb3 Bxb5 25.Rfc1 Qa5 26.Nd4 Ba6 27.N2f3 Nd5 28.a4 Nb4 29.Nxe6
Nd3 30.Neg5 Bxg5 31.Nxg5 Bc4 32.Rxc4 Qxe5 33.Rf1 Qe2 34.Rcc1 Rc7 35.Rb1 Rc4
36.Kg1 Nc5 37.Qf3 {#r} 1-0

[Event "36th Zalakaros Open 2017"]
[Site "Zalakaros HUN"]
[Date "2017.05.26"]
[Round "9.54"]
[White "Szente Varga,F"]
[Black "Secheres,Ad"]
[Result "0-1"]
[WhiteElo "2190"]
[BlackElo "2309"]

1.e4 c5 2.Nf3 e6 3.b3 a6 4.Bb2 Nc6 5.g3 d6 6.Bg2 e5 7.O-O g6 8.Ne1 Bg7 9.f4
Nge7 10.g4 h5 11.f5 gxf5 12.gxf5 Bf6 13.c4 Bd7 14.Nc2 Nd4 15.Ne3 Bc6 16.Nc3
Qd7 17.Ncd5 Bxd5 18.cxd5 Nc8 19.Bc3 b5 20.b4 Nb6 21.Rc1 Rc8 22.Kh1 Ke7 23.Bh3
Qb7 24.Rf2 Nd7 25.a3 Qa7 26.Rg2 Rc7 27.Nf1 cxb4 28.axb4 Rc4 29.d3 Rc7 30.Bd2
Rhc8 31.Rb1 Nc2 32.Qxh5 Qd4 33.Qe2 Na3 34.Rd1 Rc2 35.Ne3 Rb2 36.Qf1 Rxd2
37.Rdxd2 Qxe3 38.Qa1 Qxh3 39.Qxa3 Qe3 40.Rd1 Qf3 41.Qb3 Rc4 42.Re1 Rd4 43.Kg1
Rxd3 44.Qb1 Bh4 45.f6+ Nxf6 46.Rf1 Qe3+ 47.Kh1 Qxe4 48.Qa2 Nxd5 {#R} 0-1

[Event "Bodensee Open 2017"]
[Site "Bregenz AUT"]
[Date "2017.05.27"]
[Round "8.14"]
[White "Hoellrigl,W"]
[Black "Giesinger,Elias"]
[Result "1-0"]
[WhiteElo "2169"]
[BlackElo "2074"]

1.e4 c5 2.Nf3 e6 3.c3 d5 4.e5 d4 5.Bd3 Nc6 6.O-O Nh6 7.h3 Nf5 8.Na3 Be7 9.b3
h5 10.Bb2 g5 11.Bxf5 exf5 12.cxd4 g4 13.d5 Qxd5 14.Nb5 Kd8 15.d4 gxf3 16.dxc5
Qxd1 17.Rfxd1+ Ke8 18.Nc7+ Kf8 19.Nxa8 Rg8 20.Rd3 fxg2 21.Rg3 Rxg3 22.fxg3
Bxc5+ 23.Kxg2 b6 24.Nc7 Bb7 25.Kh2 Nd4 26.Bxd4 Bxd4 27.Re1 Be4 28.Nb5 Bxe5
29.h4 a6 30.Na3 b5 31.Nb1 f6 32.Nd2 Bd5 33.Rf1 Be6 34.Nf3 Ke7 35.Rd1 a5 36.Kg2
a4 37.bxa4 bxa4 38.a3 Bb3 39.Re1 Kd6 40.Nxe5 fxe5 41.Kf3 Kd5 42.Ke3 Kc4
43.Rc1+ Kd5 44.Rc8 Kd6 45.Rh8 Bf7 46.Rh6+ Ke7 47.Kd3 Kd7 48.Kc3 Ke7 49.Kb4 Be8
50.Rh8 Bf7 51.Kxa4 f4 52.gxf4 exf4 53.Rb8 Kf6 54.Rb1 Kf5 55.Kb4 Kg4 56.Kc5
Kxh4 57.a4 Kg3 58.Rg1+ Kf2 59.Rg7 Bb3 60.a5 Bd1 61.a6 Bf3 62.Rh7 Kg3 63.Kd4 h4
64.Rb7 h3 65.Rb3 h2 66.Rxf3+ Kxf3 67.a7 Kf2 68.a8=Q f3 69.Qa2+ Kg3 70.Qb1 Kg2
71.Qg6+ Kf1 72.Qh5 Kg2 73.Qg4+ Kf2 74.Qh3 Ke2 75.Ke4 f2 76.Qxh2 Ke1 77.Qg3 Ke2
78.Qe3+ Kf1 79.Kf3 Kg1 80.Qxf2+ Kh1 81.Qg2# 1-0

[Event "Deltalift Open 2017"]
[Site "Tylosand SWE"]
[Date "2017.05.26"]
[Round "6.16"]
[White "Ivarsson,T"]
[Black "Petersson,Baldur Teodor"]
[Result "1-0"]
[WhiteElo "2138"]
[BlackElo "2094"]

1.e4 c5 2.Nf3 e6 3.g3 d6 4.Bg2 Nc6 5.O-O g6 6.d4 cxd4 7.Nxd4 Bg7 8.Be3 Nge7
9.c4 O-O 10.Nc3 a6 11.Rc1 Qc7 12.b3 Ne5 13.h3 Nd7 14.Qd2 Re8 15.Rfd1 Rb8
16.Nde2 Bf8 17.Bf4 Ne5 18.Qxd6 Qxd6 19.Rxd6 Nd5 20.Bxe5 Bxd6 21.Bxd6 Nxc3
22.Nxc3 Ra8 23.e5 f5 24.exf6 Kf7 25.Be7 Bd7 26.Ne4 {#r} 1-0

[Event "15th Somov Memorial 2017"]
[Site "Kirishi RUS"]
[Date "2017.05.28"]
[Round "11.1"]
[White "Kaasen,Tor Fredrik"]
[Black "Hakobyan,Aram"]
[Result "1-0"]
[WhiteElo "2402"]
[BlackElo "2449"]

1.e4 c5 2.Nf3 e6 3.b3 a6 4.Bb2 Nc6 5.c4 Qc7 6.g3 e5 7.Bg2 d6 8.O-O Nf6 9.Nc3
g6 10.Nd5 Qd8 11.d3 Bg7 12.a3 O-O 13.b4 Bg4 14.bxc5 dxc5 15.Qb3 Bxf3 16.Bxf3
Nxd5 17.cxd5 Na5 18.Qc3 b6 19.Bg4 Nb7 20.f4 Re8 21.Qd2 Qc7 22.Rab1 b5 23.Rbc1
c4 24.fxe5 Nc5 25.dxc4 Nxe4 26.Qf4 Bxe5 27.Bxe5 Rxe5 28.c5 f5 29.d6 Qg7 30.Bf3
Rd8 31.Bxe4 Rxe4 32.Qf2 Qe5 33.Rfd1 Re2 34.Qf3 Qb2 35.c6 Rxd6 36.c7 Rxd1+
37.Rxd1 Qc2 38.Qxe2 Qc5+ 39.Kf1 Qc6 40.Rd8+ Kg7 41.Qe5+ Kh6 42.Qe3+ Kg7
43.c8=Q Qh1+ 44.Ke2 Qg2+ 45.Kd1 Qf1+ 46.Kc2 {#r} 1-0

[Event "26th Chicago Open 2017"]
[Site "Chicago USA"]
[Date "2017.05.25"]
[Round "1.35"]
[White "Guo,Arthur"]
[Black "Sarkar,J"]
[Result "0-1"]
[WhiteElo "2122"]
[BlackElo "2375"]
[EventType "swiss"]

1.e4 c5 2.Nf3 e6 3.d4 cxd4 4.Nxd4 Nf6 5.Nc3 Nc6 6.Ndb5 Bc5 7.Nd6+ Ke7 8.Nc4 d5
9.exd5 exd5 10.Na3 d4 11.Ne2 d3 12.Qxd3 Qxd3 13.cxd3 Ng4 14.Be3 Nxe3 15.fxe3
Bxe3 16.Nc2 Bh6 17.Nc3 Bf5 18.Be2 Rhd8 19.Rd1 Ne5 20.Nb4 Kf8 21.O-O Be3+
22.Kh1 Bg4 23.Nc2 Bxe2 24.Nxe2 Ng4 25.Rde1 Rxd3 26.Nxe3 Rxe3 27.Nc3 Rxe1
28.Rxe1 Rd8 29.h3 Nf2+ 30.Kg1 Rd2 31.Re2 Rxe2 32.Nxe2 Nd3 33.b3 Ke7 34.Nc3 Ke6
35.Kf1 Ke5 36.Ke2 Nf4+ 37.Kf3 Nd5 38.Ne4 h6 39.a3 f5 40.Ng3 Nc3 41.a4 Ne4
42.Nf1 f4 43.Kg4 g6 44.Kf3 h5 45.h4 a5 46.Ke2 Ng3+ 47.Nxg3 fxg3 48.Kf3 Kd4
49.Kxg3 Kc3 50.Kf4 Kxb3 51.Kg5 Kxa4 52.Kxg6 b5 53.Kxh5 b4 54.g4 b3 55.g5 b2
56.Kh6 b1=Q 57.h5 Qc1 58.Kg6 Qc6+ 59.Kh7 Qc7+ 60.Kh6 Qf4 61.Kg6 Kb5 62.h6 Kc5
63.h7 Qf8 64.Kh5 Kd5 65.g6 Qg7 66.Kg5 Ke5 {#R} 0-1

[Event "4th Gligoric Cup 2017"]
[Site "Novi Banovci SRB"]
[Date "2017.05.27"]
[Round "3.1"]
[White "Vratonjic,S"]
[Black "Perunovic,Mil"]
[Result "0-1"]
[WhiteElo "2414"]
[BlackElo "2603"]

1.e4 c5 2.Nf3 e6 3.c4 Nc6 4.Nc3 Nd4 5.Nxd4 cxd4 6.Ne2 Nf6 7.d3 e5 8.Bd2 Qb6
9.Qb3 d6 10.h3 h5 11.g3 Nd7 12.Qxb6 axb6 13.b4 b5 14.cxb5 Nb6 15.Nc1 Be6
16.Bg2 Be7 17.Ke2 Na4 18.Nb3 b6 19.Rhc1 Bd7 20.Rc6 Bxc6 21.bxc6 Kd8 22.b5 Kc7
23.Kd1 Ra7 24.Kc2 Rha8 25.Bb4 Nc3 26.a3 Nxb5 27.Kb2 Nc3 28.Nd2 Na4+ 29.Kc2 Nc5
30.Nc4 b5 31.Nd2 Ra6 32.Bf1 Rxc6 33.Kb2 h4 34.Be2 Kb6 35.Nf3 Na4+ 36.Kb3 Rac8
{#R} 0-1

[Event "4th Gligoric Cup 2017"]
[Site "Novi Banovci SRB"]
[Date "2017.05.27"]
[Round "3.4"]
[White "Djuric,S"]
[Black "Cetkovic,Mi"]
[Result "1-0"]
[WhiteElo "2424"]
[BlackElo "2186"]

1.e4 c5 2.Nf3 e6 3.Nc3 d6 4.g3 Nc6 5.Bg2 Nge7 6.O-O Nd4 7.Nxd4 cxd4 8.Ne2 Nc6
9.b4 a6 10.Bb2 e5 11.c3 dxc3 12.Bxc3 Be7 13.d4 O-O 14.Rc1 Bf6 15.d5 Nb8 16.a4
Re8 17.h3 Nd7 18.Bd2 g6 19.Qc2 Nf8 20.Qb3 Bd7 21.Be3 Qb8 22.Nc3 b6 23.Rc2 Rc8
24.Rfc1 Bd8 25.Kh2 Kg7 26.f4 Bf6 27.fxe5 Bxe5 28.b5 axb5 29.Nxb5 Rxc2 30.Rxc2
Ra5 31.Bf4 Bxf4 32.gxf4 Bxb5 33.Qb2+ f6 34.axb5 Nd7 35.Rc6 Nc5 36.Qe2 Nd7
37.h4 Nc5 38.h5 Ra4 39.Qg4 Ra7 40.Rc8 Qb7 41.h6+ {#r} 1-0

[Event "10th KIIT Elite Open 2017"]
[Site "Bhubaneswar IND"]
[Date "2017.05.27"]
[Round "2.12"]
[White "Divya,Lakshmi R"]
[Black "Krishna Teja,N"]
[Result "0-1"]
[WhiteElo "2093"]
[BlackElo "2406"]

1.e4 c5 2.Nf3 e6 3.d4 cxd4 4.Nxd4 a6 5.c4 Nf6 6.Nc3 Bb4 7.Bd3 Nc6 8.Ne2 Qc7
9.a3 Be7 10.O-O Ne5 11.b3 Nfg4 12.Bf4 g5 13.Bxe5 Qxe5 14.g3 Qf6 15.h3 Ne5
16.b4 d6 17.Nd4 Bd7 18.Rc1 Rc8 19.Qe2 Nxc4 20.Bxc4 Qxd4 21.Nb1 b5 22.Bd3 O-O
23.Rfd1 Bf6 24.Rxc8 Rxc8 25.Nd2 Qb2 26.e5 Qxe5 27.Qh5 Kf8 28.Ne4 Ke7 29.Nxf6
Qxf6 30.Qxh7 Qf3 31.Re1 Bc6 32.Be4 Bxe4 33.Qxe4 Qxe4 34.Rxe4 f5 35.Re1 Rc3
36.Ra1 d5 37.Kg2 Kf6 38.h4 gxh4 39.gxh4 e5 40.a4 bxa4 41.Rxa4 Rc6 42.Kf3 d4
43.Ra5 Rd6 44.Ke2 e4 45.b5 axb5 46.Rxb5 Ra6 47.Rb2 Ke5 48.h5 Rh6 49.f3 Rxh5
50.Rb5+ Kf4 51.fxe4 Kxe4 52.Rb8 Rh2+ 53.Ke1 f4 54.Rb3 f3 55.Ra3 d3 56.Ra8 Rh1+
57.Kd2 f2 {#R} 0-1

[Event "Bodensee Open 2017"]
[Site "Bregenz AUT"]
[Date "2017.05.27"]
[Round "8.17"]
[White "Willemsma,A"]
[Black "Ballon,G"]
[Result "1-0"]
[WhiteElo "2070"]
[BlackElo "2130"]

1.e4 c5 2.Nf3 e6 3.d4 cxd4 4.Nxd4 a6 5.c4 Nf6 6.Nc3 Bb4 7.Qd3 Nc6 8.Nxc6 dxc6
9.Qxd8+ Kxd8 10.e5 Nd7 11.Bf4 b6 12.O-O-O Bxc3 13.bxc3 Bb7 14.Rd3 Ke7 15.Rg3
Rag8 16.Bd3 Nf8 17.Rd1 Ng6 18.Bxg6 hxg6 19.Rgd3 {#r} 1-0

[Event "Deltalift Open 2017"]
[Site "Tylosand SWE"]
[Date "2017.05.26"]
[Round "6.8"]
[White "Storme,Isak"]
[Black "Rydstrom,Tom"]
[Result "0-1"]
[WhiteElo "2159"]
[BlackElo "2312"]

1.e4 c5 2.Nf3 e6 3.d4 cxd4 4.Nxd4 a6 5.c4 Nf6 6.Nc3 Qc7 7.a3 Be7 8.Be2 d6
9.O-O b6 10.Qd3 Bb7 11.f4 Nbd7 12.b4 O-O 13.Bb2 Rfe8 14.g4 e5 15.Nf5 exf4
16.Nd5 Bxd5 17.exd5 Bf8 18.g5 Ne4 19.Rxf4 Nxg5 20.h4 Rxe2 21.Bc3 Ne5 22.Bxe5
Rxe5 23.hxg5 g6 24.Nh6+ Bxh6 25.gxh6 Qe7 26.Qd4 Qg5+ 27.Rg4 Qxh6 28.Qxb6 Rae8
29.Qf2 Rh5 {#R} 0-1

[Event "TCh-FRA Top 12 2017"]
[Site "Chartres FRA"]
[Date "2017.05.25"]
[Round "8.3"]
[White "Burri,Quentin"]
[Black "Sulava,N"]
[Result "0-1"]
[WhiteElo "2378"]
[BlackElo "2468"]

1.e4 c5 2.Nf3 e6 3.d4 cxd4 4.Nxd4 a6 5.Bd3 d6 6.O-O Nd7 7.c4 Ne5 8.Nc3 Nf6
9.Be2 Be7 10.Be3 O-O 11.f4 Ng6 12.f5 Ne5 13.fxe6 fxe6 14.Kh1 Bd7 15.Qb3 Qc8
16.Rac1 Kh8 17.Nf3 Ng6 18.Qc2 Qe8 19.Qd2 Rc8 20.Rcd1 Qf7 21.c5 dxc5 22.e5 Nd5
23.Ng5 Qg8 24.Nxd5 exd5 25.Qxd5 Qxd5 26.Rxd5 Bc6 27.Rdd1 Nxe5 28.Rxf8+ Rxf8
29.Ne6 Re8 30.Bxc5 Bxc5 31.Nxc5 Nd7 32.Bh5 g6 33.Nxd7 gxh5 34.Nf6 {#R} 0-1

[Event "Deltalift Open 2017"]
[Site "Tylosand SWE"]
[Date "2017.05.25"]
[Round "2.14"]
[White "Nilsson,P2"]
[Black "Rydstrom,Tom"]
[Result "1-0"]
[WhiteElo "2033"]
[BlackElo "2312"]

1.e4 c5 2.Nf3 e6 3.d4 cxd4 4.Nxd4 a6 5.Bd3 Ne7 6.Qe2 Nec6 7.Nb3 d6 8.O-O Nd7
9.c4 Nb4 10.Nc3 Nxd3 11.Qxd3 Be7 12.f4 b6 13.Bd2 Bb7 14.Qe2 Rc8 15.Nd4 Bf6
16.Nf3 Qc7 17.b3 b5 18.Rac1 bxc4 19.e5 dxe5 20.Ne4 exf4 21.Kh1 Qb8 22.Nxf6+
Nxf6 23.Ne5 f3 24.Nxf3 cxb3 25.Bc3 bxa2 26.Qxa2 Bd5 27.Qa3 Qb7 28.Rb1 Qa8
29.Bd4 Rd8 30.Bb6 Rc8 31.Kg1 Nd7 32.Bd4 f6 33.Rfe1 Kf7 34.Bf2 Rhe8 35.Qa4 Qc6
36.Qf4 Qc7 37.Qh4 Bxf3 38.gxf3 Ne5 39.Qh5+ Kg8 40.Rec1 Qf7 41.Qh3 Rxc1+
42.Rxc1 Qg6+ 43.Kh1 Nd3 44.Rf1 Nf4 45.Qg3 e5 46.Ra1 Ra8 47.Ra5 Qb1+ 48.Qg1
Qxg1+ 49.Kxg1 Nh3+ {#r} 1-0

[Event "Deltalift Open 2017"]
[Site "Tylosand SWE"]
[Date "2017.05.26"]
[Round "6.6"]
[White "Ernst,T"]
[Black "Haugli,P"]
[Result "0-1"]
[WhiteElo "2382"]
[BlackElo "2257"]

1.e4 c5 2.Nf3 e6 3.d4 cxd4 4.Nxd4 a6 5.Bd3 Nf6 6.O-O Qc7 7.Qe2 d6 8.c4 g6
9.Nc3 Bg7 10.Nf3 O-O 11.h3 Nbd7 12.Bf4 Nh5 13.Bh2 Bxc3 14.bxc3 e5 15.Rfd1 Nc5
16.Bc2 f6 17.Qd2 Rd8 18.g4 Ng7 19.g5 Bxh3 20.gxf6 Nge6 21.Ng5 Nxg5 22.Qxg5 Be6
23.f4 exf4 24.Qxf4 Bxc4 25.e5 d5 26.Rd2 Ne6 27.Qg4 Qf7 28.Re1 Rac8 29.Re3 Bxa2
30.Rg2 d4 31.cxd4 Rxd4 32.Qe2 Bd5 33.Rf2 Rdc4 34.Qd1 Nd4 35.Rd3 Rxc2 36.Rxc2
Rxc2 37.Rxd4 Rg2+ 38.Kf1 Rxh2 39.Rxd5 Rh1+ {#R} 0-1

[Event "TCh-FRA Top 12 2017"]
[Site "Chartres FRA"]
[Date "2017.05.26"]
[Round "9.2"]
[White "Degraeve,JM"]
[Black "Van Wely,L"]
[Result "0-1"]
[WhiteElo "2592"]
[BlackElo "2663"]

1.e4 c5 2.Nc3 e6 3.Nf3 a6 4.d4 cxd4 5.Nxd4 Qc7 6.Bd3 Nf6 7.f4 d6 8.O-O Nbd7
9.Kh1 b5 10.Qe2 Bb7 11.Bd2 Be7 12.b4 O-O 13.a4 bxa4 14.Nxa4 d5 15.e5 Ne4
16.Be1 Nb6 17.Nb2 Rfd8 18.Qe3 Rac8 19.c4 Nd2 20.Bxd2 dxc4 21.Be4 c3 22.Rac1
Bxe4 23.Qxe4 Bxb4 24.Bxc3 Bxc3 25.Ne2 Bxb2 26.Rxc7 Rxc7 27.Qb4 Nc4 28.Rb1 a5
29.Qb5 Ba3 30.h3 Bb4 31.Qa6 Ne3 32.Nd4 h5 33.Nc6 Rdc8 34.Nxb4 axb4 35.Qb6 Nd5
36.Qd6 Rc6 37.Qd7 g6 38.h4 Kg7 39.Ra1 {#R} 0-1

[Event "Deltalift Open 2017"]
[Site "Tylosand SWE"]
[Date "2017.05.27"]
[Round "7.20"]
[White "Blomstrom,L"]
[Black "Svorono,Gabriel"]
[Result "1-0"]
[WhiteElo "2166"]
[BlackElo "2022"]

1.e4 c5 2.Nf3 e6 3.Nc3 a6 4.d4 cxd4 5.Nxd4 Qc7 6.g3 Nf6 7.Bg2 Bc5 8.Nb3 Be7
9.O-O O-O 10.a4 Nc6 11.a5 d6 12.Be3 Nd7 13.Na4 Nce5 14.Nb6 Nxb6 15.Bxb6 Qb8
16.Nd2 Bd8 17.Bxd8 Rxd8 18.f4 Nc6 19.Nc4 Qa7+ 20.Kh1 Qc5 21.Nb6 Rb8 22.Qd2 Bd7
23.Ra3 Ne7 24.b4 Qc7 25.Rc3 Bc6 26.f5 d5 27.exd5 Nxd5 28.Nxd5 exd5 29.f6 Qd6
30.Qg5 g6 31.Re3 Re8 32.Re7 Rxe7 33.Qh6 {#r} 1-0

[Event "Deltalift Open 2017"]
[Site "Tylosand SWE"]
[Date "2017.05.27"]
[Round "8.9"]
[White "Sivhed,Johan"]
[Black "Rydstrom,Tom"]
[Result "0-1"]
[WhiteElo "2054"]
[BlackElo "2312"]

1.e4 c5 2.Nf3 e6 3.d4 cxd4 4.Nxd4 a6 5.Nc3 b5 6.Bd3 Ne7 7.O-O Nec6 8.Nxc6 Nxc6
9.a4 b4 10.Na2 Be7 11.c3 bxc3 12.Nxc3 O-O 13.Re1 d6 14.f4 Rb8 15.Kh1 Bf6
16.Ra3 g6 17.Bb1 Bb7 18.Be3 Qc7 19.Bf2 Ba8 20.Qd3 Rxb2 21.Nd1 Nb4 22.Qg3 Rxb1
{#R} 0-1

[Event "Groninger Combinatie Open"]
[Site "Groningen NED"]
[Date "2017.05.26"]
[Round "3.2"]
[White "De Boer,Eelke"]
[Black "Maris,Iv"]
[Result "1-0"]
[WhiteElo "2100"]
[BlackElo "2327"]

1.e4 c5 2.Nf3 e6 3.d4 cxd4 4.Nxd4 a6 5.Nc3 Qc7 6.Bd3 Nf6 7.O-O b5 8.a3 Be7
9.Be3 h5 10.h3 d6 11.f4 Nbd7 12.Qf3 Bb7 13.Qf2 Rc8 14.Nb3 Bd8 15.Rae1 Qb8
16.Qg3 h4 17.Qf2 Nh5 18.Rd1 Ng3 19.Rfe1 Qa8 20.Bd4 Rg8 21.Nd2 g6 22.Nf1 Nh5
23.Qd2 Nb6 24.b3 Nd7 25.Bf2 Bf6 26.e5 Bd8 27.Ne4 Bxe4 28.Bxe4 d5 29.Bf3 Ng7
30.Ne3 g5 31.Nxd5 Qb8 32.Nb4 Rc7 33.Nxa6 Qc8 34.Nxc7+ Qxc7 35.Qd6 Qxd6 36.Rxd6
Nf5 37.Rd3 Nb8 38.Red1 Bc7 39.Rc3 Na6 40.Rc6 {#r} 1-0

[Event "26th Chicago Open 2017"]
[Site "Chicago USA"]
[Date "2017.05.25"]
[Round "1.27"]
[White "Korba,Nicky"]
[Black "Abdumalik,Z"]
[Result "1-0"]
[WhiteElo "2171"]
[BlackElo "2420"]
[EventType "swiss"]

1.e4 c5 2.Nf3 e6 3.d4 cxd4 4.Nxd4 a6 5.Nc3 Qc7 6.g3 h5 7.h3 b5 8.Bg2 Bb7 9.O-O
Nf6 10.a3 Nc6 11.Nxc6 dxc6 12.Bf4 e5 13.Bg5 Nd7 14.Qe2 Bc5 15.Be3 h4 16.Rad1
Be7 17.g4 g5 18.a4 Nc5 19.axb5 axb5 20.Ra1 O-O 21.Rxa8 Rxa8 22.Rd1 Ne6 23.Qd2
Rd8 24.Qc1 Nd4 25.Bf1 f6 26.Kg2 Kg7 27.f3 Qa5 28.Ne2 c5 29.c3 Ne6 30.Rxd8 Qxd8
31.Qd2 Qc7 32.Nc1 Bc6 33.Nd3 Kf7 34.Be2 Qb7 35.b4 c4 36.Nf2 Qa6 37.Qb2 Bd8
38.Bf1 Ke7 39.Nd1 Bc7 40.Nf2 Qa4 41.Be2 Qa8 42.Bd1 Nf4+ 43.Kh2 Qa6 44.Be2 Bb6
45.Nd1 Qa7 46.Qd2 Bd7 47.Bf1 Bxe3 48.Nxe3 Qa1 49.Nd1 Be6 50.Qc2 Qa4 51.Qd2 Qa3
52.Qc2 Qa1 53.Be2 Kf7 54.Bf1 Qa3 55.Be2 Qa4 56.Qd2 Qb3 57.Bf1 Qb1 58.Ne3 Ke7
59.Qd1 Qb3 60.Qd2 Ng6 61.Be2 Nf8 62.Bd1 Qa3 63.Bc2 Nd7 64.Nd1 Nb6 65.Qf2 Nd7
66.Qd2 Qa1 67.Kg2 Nf8 68.Ne3 Ng6 69.Bd1 Nf4+ 70.Kh2 Nd3 71.Be2 Nc1 72.Bf1 Nb3
73.Nd5+ Bxd5 74.Qxd5 Qxf1 75.Qb7+ Kf8 76.Qc8+ Kg7 77.Qd7+ Kh6 {#r} 1-0

[Event "10th KIIT Elite Open 2017"]
[Site "Bhubaneswar IND"]
[Date "2017.05.29"]
[Round "5.10"]
[White "Amonatov,F"]
[Black "Fenil,S"]
[Result "1-0"]
[WhiteElo "2632"]
[BlackElo "2252"]

1.e4 c5 2.Nf3 e6 3.d4 cxd4 4.Nxd4 Nc6 5.Nc3 Qc7 6.f4 a6 7.Nxc6 Qxc6 8.Bd3 b5
9.Qe2 Bb7 10.Bd2 Bc5 11.a4 b4 12.Nd5 Qd6 13.Ne3 Qxf4 14.Nc4 Qc7 15.e5 Ne7
16.O-O-O Bd5 17.Qg4 Ng6 18.Rhe1 O-O 19.Kb1 Rac8 20.Nd6 f5 21.Qg3 Bxd6 22.exd6
Qc6 23.b3 e5 24.Rxe5 Nxe5 25.Qxe5 Be6 26.Bxb4 Qxg2 27.Bc3 Rfe8 28.Qd4 Qg4
29.Qxg4 fxg4 30.Bb4 Rc6 31.Be4 Rcc8 32.Bd3 Rc6 33.Be4 Rcc8 34.Rd4 Rf8 35.Bb7
Rf1+ 36.Kb2 Rb8 37.Bxa6 Rf2 38.Rd2 Rxd2 39.Bxd2 Rb6 40.Bd3 Rxd6 41.a5 Bf5
42.Bxf5 Rxd2 43.a6 Rd5 44.Bd3 Re5 45.b4 Re8 46.b5 Rb8 47.a7 {#r} 1-0

[Event "Deltalift Open 2017"]
[Site "Tylosand SWE"]
[Date "2017.05.25"]
[Round "3.5"]
[White "Blomstrom,L"]
[Black "Akesson,R"]
[Result "0-1"]
[WhiteElo "2166"]
[BlackElo "2460"]

1.e4 c5 2.Nf3 e6 3.d4 cxd4 4.Nxd4 Nc6 5.Nc3 Qc7 6.g3 a6 7.Bg2 Nf6 8.O-O h5
9.h3 Bc5 10.Nxc6 bxc6 11.Na4 Ba7 12.Bf4 e5 13.Bg5 Ng8 14.c4 Bd4 15.c5 a5
16.Be3 Bxe3 17.fxe3 Ba6 18.Rf2 Rd8 19.Rc1 d6 20.Rd2 Rh6 21.Qc2 Ne7 22.cxd6
Rhxd6 23.Rcd1 Rxd2 24.Rxd2 Rxd2 25.Qxd2 Qd8 26.Qc3 Qd1+ {#R} 0-1

[Event "26th Chicago Open 2017"]
[Site "Chicago USA"]
[Date "2017.05.26"]
[Round "2.27"]
[White "Huang,Andy"]
[Black "Vazquez,Guillermo"]
[Result "0-1"]
[WhiteElo "2165"]
[BlackElo "2443"]
[EventType "swiss"]

1.e4 c5 2.Nf3 e6 3.d4 cxd4 4.Nxd4 Nc6 5.Nc3 Qc7 6.g3 a6 7.Bg2 Nge7 8.Nb3 Ne5
9.O-O b5 10.Ne2 Bb7 11.Nf4 Nc4 12.Nd2 Rc8 13.c3 g6 14.Nxc4 bxc4 15.Ne2 Bg7
16.Bf4 e5 17.Bg5 f6 18.Be3 O-O 19.Qd2 d5 20.exd5 Rfd8 21.Bh6 Bxd5 22.Bxd5+
Rxd5 23.Qc1 Rcd8 24.Bxg7 Kxg7 25.Qe3 Rd3 26.Qe4 Rd2 27.Rfe1 Rxb2 28.Nf4 Qb6
29.Re3 Rd6 30.Rae1 Qc6 31.Ng2 Rxa2 {#R} 0-1